Zákon o bankách
Povolenie na výkon bankových činností. Obsah žiadosti. Bankový sektor v Slovenskej republike. Zastúpenia zahraničných bánk.
Gespeichert in:
| 1. Verfasser: | |
|---|---|
| Format: | Buchkapitel |
| Sprache: | Slowakisch |
| Schlagworte: | |
| Tags: |
Keine Tags, Fügen Sie das erste Tag hinzu!
|
MARC
| LEADER | 00000naa a2200000 4500 | ||
|---|---|---|---|
| 001 | r033120 | ||
| 005 | 20230911131742.5 | ||
| 041 | 0 | |a slo | |
| 044 | |a SK | ||
| 245 | 1 | 0 | |a Zákon o bankách |c Daniel Jánoš |
| 520 | |a Povolenie na výkon bankových činností. Obsah žiadosti. Bankový sektor v Slovenskej republike. Zastúpenia zahraničných bánk. | ||
| 610 | 2 | 0 | |a banky |
| 610 | 2 | 0 | |a stanovy |
| 610 | 2 | 0 | |a imanie základné |
| 610 | 2 | 0 | |a zámery podnikateľské |
| 610 | 2 | 0 | |a Slovensko |
| 610 | 2 | 0 | |a NBS Bratislava |
| 610 | 2 | 0 | |a banky zahraničné |
| 100 | 1 | |a Jánoš, Daniel | |